[Event "RUS-ch 54th"]
[Site "Elista"]
[Date "2001.05.04"]
[Round "5"]
[White "Yakovich, Yuri"]
[Black "Beshukov, Sergei"]
[Result "1-0"]
[WhiteElo "2577"]
[BlackElo "2463"]
[Annotator "Lutz,C"]
[PlyCount "79"]
[EventDate "2001.04.29"]
[EventType "swiss"]
[EventRounds "9"]
[EventCountry "RUS"]
[SourceTitle "CBM 083"]
[Source "ChessBase"]
[SourceDate "2001.07.05"]
[SourceVersion "1"]
[SourceVersionDate "2001.07.05"]
[SourceQuality "1"]

1. d4 d5 2. c4 c6 3. Nc3 Nf6 4. e3 e6 5. Nf3 Nbd7 6. Bd3 dxc4 7. Bxc4 b5 8. Bd3
Bb7 9. O-O b4 10. Ne4 Be7 11. Nxf6+ Nxf6 12. a3 {Eine seltenere Alternative zu
12.e4.} (12. e4) 12... bxa3 $5 {Schwarz löst so das Problem seines Pb4,
allerdings kann Weiß nun die b-Linie nutzen. Die Alternativen 12...a5 und 12...
0-0 erscheinen sicherer.} (12... a5 13. e4 O-O 14. Qc2 (14. axb4 axb4 15. Rxa8
Bxa8 16. Qc2 h6 17. Be3 Ng4 18. Bd2 c5 19. dxc5 Bxc5 20. Qxc5 Qxd3 21. Bxb4 Rb8
22. Bc3 Qxe4 $11 {1/2-1/2 Slipak,S-Sorokin,M/Villa Gesell 1996/CBM 52 (61)})
14... h6 15. e5 Nd7 16. Bh7+ Kh8 17. Be4 Qb8 18. Be3 c5 19. Rad1 cxd4 20. Rxd4
Rc8 21. Qd2 Bxe4 22. Rxe4 Rd8 23. axb4 axb4 24. Qc1 Rc8 25. Qd2 Rd8 26. Qc1 Rc8
27. Qd2 {1/2-1/2 Sadler,M-Lautier,J/Breda 2000/CBM 76 ext (27)}) (12... O-O 13.
axb4 Bxb4 14. e4 h6 15. e5 Nd7 16. Bc2 Re8 17. Qd3 Nf8 18. Qe4 Ng6 19. Rd1 Qe7
20. Qg4 c5 21. Bxg6 fxg6 22. Qxg6 Qf7 23. Qxf7+ Kxf7 24. dxc5 Bxc5 25. Be3 Bxf3
26. gxf3 Bxe3 27. fxe3 Re7 $44 {1/2-1/2 Karpov,A-Anand,V/Monte Carlo 1996/CBM
52 ext (38)}) 13. bxa3 O-O 14. Rb1 $14 {Weiß hat die für derartige Strukturen
typische leichte Initiative.} Qc8 (14... Rb8 15. e4 Ba8 16. Rxb8 Qxb8 17. e5
Nd7 18. Ng5 Bxg5 19. Bxg5 c5 20. Qh5 g6 21. Qh6 Qb7 22. f3 Qd5 23. Kh1 Qxd4 24.
Bb5 f5 25. Be3 Qd5 26. Bxd7 Qxd7 27. Bxc5 Rc8 28. Bd6 Qg7 29. Qe3 h6 30. Rc1
Rxc1+ 31. Qxc1 Kh7 32. h3 Bd5 33. Kh2 {1/2-1/2 Volzhin,A-Prakash,G/Dhaka 2001/
CBM 82 (33)}) 15. e4 c5 (15... h6 16. Qe2 c5 17. dxc5 Bxc5 18. Bb2 Qd7 19. Rfc1
Rac8 20. Ne5 Qe7 21. Nc4 Ba8 22. e5 Qb7 23. Qf1 Ne4 24. Bd4 Qd5 25. Bxc5 Rxc5
26. Re1 Ng5 27. Re3 Qc6 28. h4 Nh7 29. Nd6 $36 {1-0 Kazhgaleyev,M-Prasad,D/
Ubeda 1999/CBM 68 ext (46)}) 16. e5 Bxf3 17. Qxf3 Nd5 18. Qg4 {Weiß hat das
Läuferpaar und Angriffsaussichten am Königsflügel.} g6 (18... Rd8 $5 19. Bh6 g6
20. Rfc1 $36) (18... f5 19. exf6 Nxf6 20. Qe2 cxd4 21. Re1 $36) 19. h4 h5 20.
Qg3 Nc3 $6 (20... Kg7 $142 $14) 21. Rb2 Kg7 22. Bxg6 $1 {Weiß nutzt die
Gelegenheit zu einem taktischen Schlag.} fxg6 23. Qxc3 cxd4 24. Qxd4 Bxa3 25.
Qe3 $5 {Durch das Qualitätsopfer behält Weiß den Angriff gegen den schwarzen
König.} Bxb2 26. Qh6+ Kf7 27. Qh7+ Ke8 28. Qxg6+ Rf7 29. Bxb2 $16 Qc4 30. Qxh5
Rd8 31. Ba3 Rd3 $2 (31... Qd3 $142 $5 32. Bd6 Qf5 $16) 32. Bd6 Qf4 33. Qh8+ Kd7
34. Qb8 $18 Rc3 35. Qxa7+ Kc6 36. Qa8+ Kd7 37. Qb7+ Kd8 38. Qb6+ Ke8 39. Bb4
Rc4 40. Qxe6+ 1-0

[Event "FRA-chT Gp-A"]
[Site "France"]
[Date "2003.04.05"]
[Round "6.3"]
[White "Lautier, Joel"]
[Black "Bareev, Evgeny"]
[Result "1/2-1/2"]
[WhiteElo "2670"]
[BlackElo "2729"]
[Annotator "Lutz,C"]
[PlyCount "223"]
[EventDate "2003.01.31"]
[EventType "team"]
[EventRounds "7"]
[EventCountry "FRA"]
[SourceTitle "CBM 095"]
[Source "ChessBase"]
[SourceDate "2003.07.25"]
[SourceVersion "1"]
[SourceVersionDate "2003.07.25"]
[SourceQuality "1"]
[WhiteTeam "Paris NAO"]
[BlackTeam "Clichy"]
[WhiteTeamCountry "FRA"]
[BlackTeamCountry "FRA"]

1. d4 d5 2. c4 c6 3. Nc3 Nf6 4. e3 e6 5. Nf3 Nbd7 6. Bd3 dxc4 7. Bxc4 b5 8. Bd3
b4 $5 {Dieses System umgeht die theoretischen Hauptvarianten und gibt Weiß nur
einen leichten Vorteil.} 9. Ne4 Nxe4 10. Bxe4 Bb7 11. Qa4 {Die weissen
Hoffnungen auf einen Eröffnungsvorteil zielen auf den rückständigen schwarzen
c-Bauern und die entsprechenden Felderschwächen auf der c-Linie.} Qb6 12. a3 $6
$146 {Vielleicht verdient 12.0-0 oder 12.Nd2 den Vorzug. Der Einschub von
a2-a3 und a7-a5 erscheint mir eher nützlich für Schwarz, da dann Weiß nicht
mehr das Feld a5 (nach Nd2-c4) zur Verfügung hat.} (12. Nd2 Rc8 (12... a5 $5) (
12... Be7 13. Nc4 Qc7 14. Na5 $16) 13. a3 (13. O-O Be7 14. a3 bxa3 15. b3 Qa6
16. Bxa3 Qxa4 17. bxa4 Ba6 18. Rfc1 c5 19. Nb3 cxd4 20. Rxc8+ Bxc8 21. Nxd4 Nb8
22. Nb5 Bxa3 23. Nxa7 Bc5 24. Rc1 Nd7 25. Nxc8 Kd8 26. Bc6 Kxc8 27. Bxd7+ Kxd7
28. Rxc5 Rb8 29. g3 $16 {1-0 Gurevich,M-Pelletier,Y/Bundesliga 0203 (52)})
13... bxa3 (13... c5 $5 14. dxc5 Bxc5 15. axb4 Bxb4 16. O-O Rc7 $1 17. Bxb7 $6
Qxb7 18. Nb3 O-O 19. Rd1 Rb8 $15 {1-0 Yakovich,Y-Sveshnikov,E/Yerevan 1996/CBM
52 ext/[Chekhov] (56)}) 14. Nc4 (14. b4 $5 Bxb4 15. Bxa3 c5 16. Bxb4 cxb4 17.
O-O Ke7 18. Bxb7 Qxb7 19. Qxa7 $14 {Ogaard,L-Sveshnikov,E/Bucharest/1976/0,5/
21/}) 14... Qa6 15. Qb3 Qb5 16. Qxb5 cxb5 17. Bxb7 Rc7 18. Nxa3 Rxb7 19. Bd2
$14 {Portisch,L-Ree,H/Wijk aan Zee/1975/1|0/40/}) (12. O-O Rc8 13. a3 Ba6 14.
Re1 Bb5 15. Qc2 Nf6 16. Bd3 Bxd3 17. Qxd3 c5 18. axb4 cxd4 $6 (18... cxb4 {
Chekhov} 19. e4 $36) 19. b5 $1 $16 {Podgaets,M-Karasev,V/URS/1979/1|0/30/})
12... a5 13. O-O Be7 14. Nd2 O-O 15. Qc2 (15. Nc4 $5 Qc7) 15... h6 16. b3 c5
17. axb4 Bxe4 18. Qxe4 Qxb4 $11 {Schwarz hat seine Eröffnungsprobleme gelöst.}
19. Rd1 Rfb8 20. Ba3 Qb5 21. Rab1 Bf8 22. dxc5 Nxc5 23. Bxc5 Qxc5 24. Nf3 Ra7
25. Nd4 $6 (25. Rdc1 $5 $11 {Weiss sollte auf das schwache Feld c6 zielen.})
25... Rc7 $15 {Nun bekommt Schwarz die Oberhand, da der Pb3 schwächer ist als
der Pa5 und der Nd4 zwar momentan gut steht, aber durch den Bf8 weggetauscht
werden kann.} 26. g3 Be7 27. Ra1 Bf6 28. Ra4 Qc3 29. Kg2 Rc5 30. Ra2 Qb4 31.
Ra4 Qb6 32. Rda1 Rd5 33. R1a2 Bxd4 34. exd4 Rbd8 $17 {In der Folge erobert
Schwarz den Pd4.} 35. Qe3 Rf5 36. Qe4 Rb5 37. h4 h5 38. R2a3 g6 39. Qe3 Rdd5
40. Rc4 Kg7 41. Qc3 Kh7 42. Kg1 Rf5 43. Qe3 Qb7 44. Rc3 Rb4 45. Ra1 Rfb5 46.
Qf3 Qd7 47. Rd1 Rf5 48. Qe3 Rd5 49. Rdc1 Rbxd4 50. Rc7 Qe8 51. R1c3 Rd1+ 52.
Kg2 Rf5 53. R3c6 Qd8 54. Rc5 Qa8+ 55. R5c6 Qd8 56. Rc5 Qa8+ 57. R5c6 Rd6 58.
Qc3 Rxc6 59. Qxc6 Qd8 60. Qb7 Kg7 61. Rd7 Qf6 62. Qb6 Qe5 63. Rd2 Qe4+ 64. Kh2
Kh7 65. Ra2 Qe1 66. Qa7 Qb4 67. Qe3 Rd5 68. Rc2 Qb5 69. Rc4 Re5 70. Qf3 Rf5 71.
Rf4 Kg7 72. Rxf5 Qxf5 73. Qc3+ Qf6 74. Qe3 Kh7 75. Kg1 Qd8 76. Qf3 Kg8 77. Qc3
Qd1+ 78. Kg2 Qd5+ 79. Kg1 Qb5 80. Qc8+ Kh7 81. Qc7 Kg7 82. Qc3+ Kf8 83. Qc8+
Ke7 84. Qc7+ Kf6 85. Qc3+ Qe5 86. Qf3+ Kg7 87. Qd3 Qc5 88. Qf3 Qc1+ 89. Kh2 Qd2
90. Kg1 Qd4 91. Qe2 e5 92. Qb5 Qc3 93. Qd5 Qc7 94. Kg2 Kf6 95. Kg1 Qb6 96. Kg2
Qc7 97. Qb5 Qc3 98. Qd5 Qb4 99. Qc6+ Kg7 100. Qd5 Qc3 101. Kg1 Qa1+ 102. Kg2
Qe1 103. Qc5 Qe4+ 104. Kg1 Qb1+ 105. Kg2 Qa1 106. Qd5 Qc3 107. Kg1 Kg8 108.
Qd8+ Kh7 109. Qd5 Qc1+ 110. Kg2 Qc7 111. Qb5 Qa7 112. Qxe5 1/2-1/2

[Event "WchT 4th"]
[Site "Luzern"]
[Date "1997.10.27"]
[Round "3.2"]
[White "Kozul, Zdenko"]
[Black "Ioseliani, Nana"]
[Result "1/2-1/2"]
[WhiteElo "2605"]
[BlackElo "2520"]
[Annotator "Lutz,C"]
[PlyCount "84"]
[EventDate "1997.10.25"]
[EventType "team-tourn"]
[EventRounds "9"]
[EventCountry "SUI"]
[SourceTitle "CBM 062"]
[Source "ChessBase"]
[SourceDate "1998.01.31"]
[SourceVersion "1"]
[SourceVersionDate "1998.01.31"]
[SourceQuality "1"]
[WhiteTeam "Croatia"]
[BlackTeam "Georgia (w)"]
[WhiteTeamCountry "CRO"]
[BlackTeamCountry "GEO"]

1. d4 d5 2. c4 c6 3. e3 Nf6 4. Nc3 e6 5. Nf3 Nbd7 6. Bd3 dxc4 7. Bxc4 b5 8. Bd3
Bb7 9. e4 b4 10. Na4 c5 11. e5 Nd5 12. O-O cxd4 13. Re1 (13. Nxd4 {ist
schärfer, verspricht Weiß aber auch nichts.}) 13... g6 14. Bg5 Qa5 15. Nxd4 a6
16. Rc1 (16. a3 {ist die Alternative.}) 16... Bg7 17. Nc6 Bxc6 18. Rxc6 O-O 19.
Bc4 N5b6 20. Nxb6 Nxb6 21. Bb3 Rfc8 22. Rxc8+ Rxc8 23. Qd4 Qb5 24. h4 a5 $11 {
Schwarz hat keine Probleme. Das weiße Läuferpaar und der Angriff am
Königsflügel wird durch die schwarze Initiative am Damenflügel kompensiert.} (
24... Nd7 25. Bf6 Bf8 26. Rd1 Nxf6 27. exf6 a5 28. Qd7 Qxd7 29. Rxd7 h5 30. f3
Rc5 31. g4 hxg4 {1/2-1/2 Piket,J-Anand,V/Dortmund 1992/CBM 29/[Ftacnik]}) 25.
h5 a4 26. Bd1 Nc4 27. Bf6 Qc5 28. Qh4 Nxb2 29. Bxg7 Kxg7 30. Qf6+ Kg8 31. Bg4
Re8 32. Be2 Qe7 33. Qf4 Rc8 34. h6 a3 35. Bb5 Qf8 36. g3 Rb8 37. Bf1 Na4 38.
Bc4 Nc3 39. Bb3 Qe7 40. Kg2 Rd8 41. Kh3 Rd3 42. Rc1 Rd8 1/2-1/2

[Event "Zuerich Kortschnoj-A"]
[Site "Zuerich"]
[Date "2001.04.28"]
[Round "5"]
[White "Piket, Jeroen"]
[Black "Pelletier, Yannick"]
[Result "1-0"]
[WhiteElo "2628"]
[BlackElo "2531"]
[Annotator "Lutz,C"]
[PlyCount "51"]
[EventDate "2001.04.28"]
[EventType "tourn"]
[EventRounds "5"]
[EventCountry "SUI"]
[EventCategory "14"]
[SourceTitle "CBM 083"]
[Source "ChessBase"]
[SourceDate "2001.07.05"]
[SourceVersion "1"]
[SourceVersionDate "2001.07.05"]
[SourceQuality "1"]

1. d4 d5 2. c4 c6 3. Nc3 Nf6 4. e3 e6 5. Nf3 Nbd7 6. Bd3 dxc4 7. Bxc4 b5 8. Bd3
Bb7 9. e4 b4 10. Na4 c5 11. e5 Nd5 12. O-O cxd4 13. Nxd4 Nxe5 {Dieses Abspiel
ist sehr scharf, aber nach dem bisherigen Stand der Theorie steht Schwarz
befriedigend. Schwarz schnappt sich den Pe5, muss dafür aber alle taktischen
Tricks beachten, insbesondere einen Einschlag auf e6.} 14. Bb5+ Nd7 15. Qh5 $5
(15. Re1 Rc8 {und erst jetzt} 16. Qh5 {ist die Hauptvariante, z.B.} g6 17. Qe2
a6 18. Nxe6 $6 fxe6 19. Qxe6+ Be7 20. Bxa6 Bxa6 21. Qxa6 {Yevseev,D-Dreev,A/
Novgorod 1999/} Nb8 $142 $1 22. Qe2 O-O $17 {Dreev,A}) (15. Nc6 Qc7 16. Qxd5 $5
{ist ebenfalls möglich, wenngleich auch nicht besonders gut für Weiß.}) 15...
g6 (15... N5f6 $5 16. Qe2 Rc8 (16... a6 $5) 17. Bg5 Be7 18. Bxf6 Bxf6 19. Nxe6
Qe7 20. Rfd1 Bc6 21. Rac1 Nb8 22. Rxc6 Nxc6 23. Rd8+ Rxd8 24. Bxc6+ Rd7 25.
Bxd7+ Kxd7 26. Nac5+ Kc6 27. Qe4+ Kb5 28. a4+ bxa3 29. Qa4+ Kb6 30. Qa6# {
1-0 Hoi,C-Muir,A/Gausdal 1989/EXT 97 (30)}) 16. Qe2 (16. Qe5 Qf6 17. Nf3 a6 18.
Bxd7+ Kxd7 19. Nb6+ Ke8 20. Qxf6 Nxf6 21. Nxa8 Bxa8 22. Ne5 Bd5 23. b3 Ne4 24.
Bb2 Rg8 25. Rac1 Nd6 26. Ng4 Be7 27. Rc7 Kd8 28. Rfc1 Rf8 29. Nf6 Bc4 30. Rd7+
{1-0 Christensen,N-Skjoldager,F/Hedehusene 1991/EXT 97 (30)}) 16... a6 $2 {
Bereits der Verlustzug. Vermutlich hat Pelletier die Varianten verwechselt.
Ohne den Einschub von Re1/...Rc8 (vgl. oben) hat der weiße Na4 das Feld c5.} (
16... Qe7 {ist besser, obwohl Schwarz auch dann in einen Angriff gerät.} 17.
Bg5 $5 Qxg5 18. Bxd7+ Ke7 (18... Kxd7 19. Qb5+ $40) 19. Bc6 (19. Qb5 Rb8 20.
Bc6 a6 21. Qc4 Rc8 $13) 19... Nf4 (19... Bxc6 20. Nxc6+ Kf6 21. f4 $40) 20. Qf3
Rd8 $13) 17. Nxe6 $1 fxe6 18. Qxe6+ Ne7 (18... Be7 {ist auch nicht besser, z.B.
} 19. Nc5 $1 axb5 20. Nxb7 Qb8 21. Qxd5 Ra7 22. Re1 Qxb7 23. Rxe7+ Kxe7 24.
Bg5+ Kf8 25. Qd6+ Kf7 26. Qe7+ Kg8 27. Bh6 $18) 19. Nc5 $18 {Mit Kraft greift
der Randspringer ein. Mit dem unrochierten König steht Schwarz glatt auf
Verlust.} axb5 20. Nxb7 Qb6 21. Nd6+ Kd8 22. Be3 Qa6 23. Rad1 Rg8 24. Rfe1 g5
25. Qf7 Rg6 26. Ne4 (26. Ne4 Kc7 27. Rxd7+ Kxd7 28. Nc5+ $18) 1-0

[Event "Montreal-A 5th"]
[Site "Montreal"]
[Date "2004.08.08"]
[Round "5"]
[White "Zugic, Igor"]
[Black "Novikov, Igor A"]
[Result "1/2-1/2"]
[WhiteElo "2465"]
[BlackElo "2610"]
[Annotator "Lutz,C"]
[PlyCount "88"]
[EventDate "2004.08.04"]
[EventType "tourn"]
[EventRounds "11"]
[EventCountry "CAN"]
[EventCategory "12"]
[SourceTitle "CBM 103"]
[Source "ChessBase"]
[SourceDate "2004.11.11"]
[SourceVersion "1"]
[SourceVersionDate "2004.11.11"]
[SourceQuality "1"]

1. d4 d5 2. c4 e6 3. Nc3 c6 4. Nf3 Nf6 5. e3 Nbd7 6. Bd3 dxc4 7. Bxc4 b5 8. Bd3
Bb7 9. O-O b4 10. Ne4 Be7 11. Nxf6+ Nxf6 12. e4 O-O 13. e5 Nd7 14. Be4 Qb6 {
Geschockt durch seine Niederlage zwei Runden zuvor weicht Novikov nun ab, aber
14...Rb8 ist völlig in Ordnung für Schwarz.} (14... Rb8 {1-0 Moiseenko,
A-Novikov,I/Montreal 2004/CBM 103/[Lutz] (30)}) 15. Bg5 Rfe8 (15... Bxg5 $2 {
ist gefährlich:} 16. Bxh7+ $1 Kxh7 17. Nxg5+ Kg6 18. Qg4 f5 19. Qg3 c5 (19...
Rh8 20. Nxe6+ Kf7 21. Qb3 Ke7 22. Nxg7 (22. Ng5 $5 $16) 22... Rag8 23. Nxf5+
Kd8 24. Nd6 Kc7 25. Rac1 Kb8 26. Nxb7 Qxb7 27. Qf3 (27. Qe6 $5) 27... Rg6 28.
Rfe1 Nb6 29. e6 Qc7 30. g3 Rc8 31. e7 Qd7 32. Re5 Nd5 $2 (32... Re8) 33. Qxd5 {
1-0 Grigorian,K-Dobosz,H/Yerevan 1980/MCD (33)}) 20. dxc5 Qc6 21. Nxe6+ Kf7 22.
Nd4 Qxc5 23. Nxf5 Nxe5 24. Rac1 Nf3+ 25. gxf3 Qb6 26. Rc7+ (26. Qxg7+ $18)
26... Kf6 27. Qxg7+ Kxf5 28. Qg4+ Kf6 29. Qg7+ (29. Rg7 $18) 29... Kf5 30. Qg4+
Kf6 31. Qg7+ $2 {1/2-1/2 Williams,A-Cooper,J/Wales 1982/EXT 2003 (31)} (31. Rg7
$18)) 16. Bxe7 (16. Rc1 Rac8 17. Re1 h6 18. Bxe7 Rxe7 19. Re3 c5 20. Bxb7 Qxb7
21. dxc5 Nxc5 $11 {0-1 Pedersen,N-Gurevich,M/Germany 2002/EXT 2003 (75)}) 16...
Rxe7 17. Rc1 (17. Qc2 h6 18. a3 b3 19. Qc3 c5 20. Bxb7 Qxb7 21. dxc5 Rc8 22.
Qb4 Nxc5 23. Rac1 Qc6 24. Rc3 Rec7 25. Rfc1 Qd5 26. Qb5 Ne4 27. Rxc7 Qxb5 28.
Rxc8+ Kh7 29. R8c4 Ng5 30. Nxg5+ hxg5 31. Re4 Qd3 32. Rce1 Qd2 33. R4e2 Qd4 34.
h3 a5 35. g4 Kg6 36. Kg2 Kh7 37. f3 Kg6 38. Rf2 Kh7 39. Re4 Qd5 40. Re3 Kg6 41.
Rfe2 Qd1 {1/2-1/2 Polugaevsky,L-Mednis,E/Riga 1979/IZT (41)}) 17... Rc8 18. Qd2
$14 {Schwarz hat immer noch kleine Probleme bis zum Ausgleich, da ...c6-c5
nicht so leicht durchzusetzen ist.} Ba6 (18... c5 $2 19. Bxb7 Qxb7 20. dxc5
Nxc5 21. Rxc5 $18) 19. Bd3 Bb7 20. Rc4 c5 {Schwarz opfert einen Bauern, da er
sich von der Aktivität seiner Figuren und dem Spiel gegen den Pe5 Kompensation
verspricht.} 21. dxc5 Rxc5 22. Rxb4 Qc7 23. Be4 Bxe4 24. Rxe4 Rc2 25. Qg5 Nf8
26. Rg4 Ng6 27. h4 Rc5 28. b4 (28. h5 h6 29. Qe3 Nxe5 30. Nxe5 Qxe5 31. Qxh6
Qxb2 $11) 28... h6 29. Qe3 Rc3 30. Qe4 Rd7 31. h5 Ne7 32. a4 Rd5 33. Re1 Rc1
$11 {Da Weiß sich nun um seine Grundreihe kümmern muss, hat Schwarz
ausgeglichen.} 34. b5 Rdd1 35. Qe2 Rxe1+ 36. Nxe1 Nd5 37. Rd4 Qc3 38. Rd1 Rxd1
39. Qxd1 Qxe5 40. Nf3 Qc7 41. Qd4 Nc3 42. Qb4 Nd5 43. Qd4 Nc3 44. Qb4 Nd5
1/2-1/2

[Event "EU-chT (Men) 11th"]
[Site "Pula"]
[Date "1997.05.??"]
[Round "7.1"]
[White "Aleksandrov, Aleksej"]
[Black "Akopian, Vladimir Eduardovic"]
[Result "1/2-1/2"]
[WhiteElo "2615"]
[BlackElo "2655"]
[Annotator "Lutz,C"]
[PlyCount "54"]
[EventDate "1997.05.05"]
[EventType "team-swiss"]
[EventRounds "9"]
[EventCountry "CRO"]
[SourceTitle "CBM 057 Extra"]
[Source "ChessBase"]
[SourceDate "1997.05.01"]
[SourceVersion "1"]
[SourceVersionDate "1997.05.01"]
[SourceQuality "1"]
[WhiteTeam "Belarus"]
[BlackTeam "Armenia"]
[WhiteTeamCountry "BLR"]
[BlackTeamCountry "ARM"]

1. d4 d5 2. c4 c6 3. Nc3 Nf6 4. e3 e6 5. Nf3 Nbd7 6. Bd3 dxc4 7. Bxc4 b5 8. Be2
Bb7 9. O-O Be7 10. e4 b4 11. e5 bxc3 12. exf6 Bxf6 (12... Nxf6 {ist die
gebräuchlicher Alternative.}) 13. bxc3 O-O 14. Rb1 Qc8 15. Qb3 Ba6 16. Bxa6
Qxa6 17. Qa3 Qxa3 18. Bxa3 Rfb8 19. Bd6 {Die lästige Stellung des Bd6 gibt dem
Weißen Hoffnung auf einen kleinen Vorteil.} Rb6 20. g4 $5 (20. Rb3 $14 {
"mit leichtem weißen Vorteil" gemäß Stohl.} Ra6 21. a3 Nb6 22. Nd2 Ra5 23. Rfb1
h6 24. g3 e5 25. Ne4 Rd5 26. Nxf6+ gxf6 27. Bc5 Nd7 28. c4 Nxc5 29. Rb8+ Rd8
30. Rxa8 Rxa8 31. dxc5 Rd8 32. Rb7 {1/2-1/2 Stohl,I-Akopian,V/Chalkidiki 1992})
20... h6 21. h4 Rc8 {/\ ...c5} 22. Rfd1 $1 {Ein prophylaktischer Zug gegen ...
c5} Bd8 (22... c5 $2 23. g5 hxg5 24. hxg5 Bd8 25. dxc5) 23. c4 Nf6 24. Ne5 Ne4
25. c5 Rxb1 26. Rxb1 Bxh4 27. Rb2 f5 {Gerade als die Partieam interessantesten
ist, folgt der Remis-Schluß. Einige unverbindliche Varianten :} (27... f6 $2
28. Ng6 $18) (27... f5 28. f3 Nxd6 (28... Nc3 29. Rb7 Ne2+ 30. Kg2 Nxd4 31.
Rxa7 {gefällt mir trotz Minusbauern besser für Weiß, da der a-Bauer gefährlich
ist und der Rd8 außer Spiel bleibt.}) 29. cxd6 Rd8 (29... fxg4 30. d7 Rd8 31.
Rb7 {/\ Nc6}) 30. gxf5 exf5 (30... Rxd6 31. Rb8+ Rd8 (31... Bd8 32. fxe6 {
/\ Nf7}) (31... Kh7 32. Nf7 $18) 32. Rxd8+ Bxd8 33. fxe6 $16) 31. d7 Bf6 32.
Rb7 Bxe5 33. dxe5 Kf7 34. Rxa7 Ke6 35. a4 (35. f4 $5) 35... Kxe5 36. a5 Kd6 37.
a6 c5 {/\} 38. Rb7 Kc6) 1/2-1/2

[Event "WchT 4th"]
[Site "Luzern"]
[Date "1997.10.29"]
[Round "5.2"]
[White "Sadler, Matthew D"]
[Black "Ioseliani, Nana"]
[Result "1-0"]
[WhiteElo "2665"]
[BlackElo "2520"]
[Annotator "Lutz,C"]
[PlyCount "83"]
[EventDate "1997.10.25"]
[EventType "team-tourn"]
[EventRounds "9"]
[EventCountry "SUI"]
[SourceTitle "CBM 062"]
[Source "ChessBase"]
[SourceDate "1998.01.31"]
[SourceVersion "1"]
[SourceVersionDate "1998.01.31"]
[SourceQuality "1"]
[WhiteTeam "England"]
[BlackTeam "Georgia (w)"]
[WhiteTeamCountry "ENG"]
[BlackTeamCountry "GEO"]

1. d4 {Hansen,LB} d5 2. c4 c6 3. Nf3 Nf6 4. Nc3 e6 5. e3 Nbd7 6. Bd3 dxc4 7.
Bxc4 b5 8. Bd3 Bb7 9. O-O b4 (9... a6 {Hansen,LB}) 10. Ne4 Be7 11. Nxf6+ Nxf6
12. e4 O-O 13. Qe2 (13. e5 {Hansen,LB}) 13... c5 14. dxc5 Rc8 (14... Nd7 {
Hansen,LB} 15. c6 Bxc6 16. Be3 Bb7 17. Rac1 Qa5 18. Rfd1 Rac8 19. Bb1 Rxc1 20.
Rxc1 Rc8 21. Rd1 {Yermolinsky,A-Akopian,V/Luzern/1997/}) 15. Rd1 $5 {In
Verbindung mit dem folgenden weißen Plan ist dieser Zug nicht ungiftig.} Qc7
16. c6 Bxc6 17. Nd4 Ba8 {Mit dem Läufer auf a8 hat Schwarz die gelegentliche
Idee ...Qb7, allerdings ist das Feld a6 geschwächt. 17...Bb7 erscheint mir
natürlicher.} (17... Bb7 18. Nb3 $6 (18. e5 Nd7 19. Bf4 {kommt auch hier stark
in Betracht.}) 18... Bd6 19. g3 Nd7 20. Be3 Ne5 21. Rac1 Qb8 22. Bb1 Rxc1 23.
Rxc1 Rc8 24. f4 Rxc1+ 25. Bxc1 Nd7 26. e5 Bc7 27. Be4 Bb6+ 28. Kg2 Nxe5 29. Kh3
Ng6 30. Bd2 Bxe4 31. Qxe4 a5 32. a3 {Jelen,I-Novikov,I/Bled op 1996/EXP 51/0-1
(46)}) 18. e5 $1 Nd7 19. Bf4 {[%csl Rd6][%cal Yd4b5,Yb5d6] Eigentlich ist
alles ganz einfach : Weiß droht nun Nb5-d6.} Nc5 20. Bc2 a6 {Nun ist Nd4-b5
verhindert, aber ...} 21. h4 $1 {[%csl Rg7,Rh7][%cal Yc2h7,Yf4h6,Ye2g4,Yg4g7,
Yh4h5,Yh5h6] der schwarze Königsflügel ist schwach. Schwarz hätte nun seinen
Springer lieber auf f8 als auf c5.} Rfd8 (21... Bxh4 22. Qh5 $18) 22. h5 Qb7 (
22... h6 $2 {Hansen,LB} 23. Qg4 Kh8 (23... Kf8 24. Bh7 $1 $16 {/\ Bh6}) 24. Nf5
$1 exf5 (24... Bf8 25. Nd6 $16) 25. Qxf5 $18) (22... Rd7 $5 {Hansen,LB} 23. Qg4
Qd8 24. Bh6 Qf8 $5 $13) 23. Qg4 Kh8 24. Nf3 (24. h6 $6 gxh6 {nebst ...Rg8 wäre
voreilig.}) 24... Ne4 25. Rxd8+ Bxd8 26. h6 g6 27. Rd1 $16 {Weiß hat großen
Vorteil. Sollte Schwarz angesichts des Sadlerschen Konzepts zu 14...Nd7
greifen ?} Bb6 (27... Be7 $2 {Hansen,LB} 28. Bxe4 Qxe4 29. Ng5 $16 {/\} Bxg5
30. Qxg5 $18) (27... Qe7 $5 {Hansen,LB}) 28. Bxe4 Qxe4 29. Qh4 {>< f6,d8} Qf5
30. Nd4 Bxd4 31. Rxd4 Bd5 32. Rxb4 Kg8 (32... Bxa2 {Hansen,LB} 33. Ra4 Bc4 $2
34. Rxc4 $1 $18) 33. Kh2 Rf8 34. f3 Rc8 (34... f6 {Hansen,LB}) 35. a3 f6 36.
Qxf6 Qxf6 37. exf6 Kf7 38. Bg5 e5 39. Rb6 Rc2 40. Kg3 e4 41. Rd6 Bc6 42. fxe4
1-0

[Event "YUG-ch"]
[Site "Podgorica"]
[Date "1996.??.??"]
[Round "3"]
[White "Blagojevic, Dragisa"]
[Black "Karaklajic, Nikola"]
[Result "1-0"]
[WhiteElo "2450"]
[BlackElo "2400"]
[Annotator "Lutz,C"]
[PlyCount "125"]
[EventDate "1996.02.??"]
[EventType "tourn"]
[EventRounds "15"]
[EventCountry "YUG"]
[EventCategory "9"]
[SourceTitle "CBM 053"]
[Source "ChessBase"]
[SourceDate "1996.08.01"]
[SourceVersion "1"]
[SourceVersionDate "1996.08.01"]
[SourceQuality "1"]

1. d4 {Hecht} d5 2. c4 e6 3. Nf3 Nf6 4. Nc3 c6 5. e3 Nbd7 6. Bd3 dxc4 7. Bxc4
a6 $6 (7... b5) 8. a4 b5 9. axb5 Nb6 10. Bd3 cxb5 11. e4 Bb7 12. Qe2 Be7 13.
O-O h6 14. Bf4 $14 Rc8 15. h3 g5 $6 16. Bg3 Rg8 17. Rfd1 Nh5 18. Bh2 Nf4 19.
Bxf4 gxf4 20. Ne5 Bf6 21. Bxb5+ Kf8 22. Qh5 Bxe5 23. dxe5 Qg5 24. Qxg5 Rxg5 25.
Rd6 Nc4 26. Bxc4 Rxc4 27. f3 Rb4 28. Ne2 Rxe5 29. Nxf4 Reb5 30. Nd3 Ke7 31.
Nxb4 Kxd6 32. Nd3 a5 33. Rd1 Ke7 34. Kf2 Ba6 35. Rd2 a4 36. h4 a3 37. bxa3 Rb3
38. Nc5 Rxa3 39. Rd7+ Kf8 40. Ra7 Ra2+ 41. Kg3 Bc4 42. Rxa2 Bxa2 {Hecht: [#]
4-3 B am K-Flügel, guter wS bei fixierten schwaren Bauern Plan: 1) Festlegen
der sB, 2) Umgehung mit wK, 3) FB-Bildung} 43. e5 Bd5 44. Nd7+ Kg7 45. Nf6 Bc6
46. Kf4 Kg6 47. g4 Kg7 48. Ke3 Ba4 49. Kd4 Bd1 50. f4 Bc2 51. Kc5 Kf8 52. Kd6
Bd3 53. h5 Bc2 54. g5 hxg5 55. fxg5 Bd3 56. h6 Bc2 57. Nd7+ Kg8 58. Ke7 Bg6 59.
Kf6 Bh5 60. Nb6 Kh7 61. Nc8 Kg8 62. Nd6 Bg6 63. Nxf7 1-0